VRBS Roma: vida y costumbres de los romanos

-д хадгалсан:
Номзүйн дэлгэрэнгүй
Үндсэн зохиолч: Guillén Cabañero, José (Зохиогч)
Формат: Ном
Хэл сонгох:испани
Хэвлэсэн: Salamanca Sigueme 2004
Хэвлэл:5a. ed
Цуврал:El Peso de los Días, 5, 6, 9, 27
Нөхцлүүд:
Шошгууд: Шошго нэмэх
Шошго байхгүй, Энэхүү баримтыг шошголох эхний хүн болох!

MARC

LEADER 00000cam a2200000 a 4500
001 UCE3994
003 CL-VaPUC
008 141003e20040000sp |||||||||||||||||spa|d
020 |a 8430104607OC 
020 |a 8430104615v.1 
020 |a 843010724Xv.2 
020 |a 8430108017v.3 
020 |a 9788430114085v.4 
082 0 4 |a 937  |b GUI  |2 21 
100 |a Guillén Cabañero, José  |e author  |9 576543 
245 1 0 |a VRBS Roma: vida y costumbres de los romanos 
250 |a 5a. ed 
300 |a v 
942 |c BK 
945 |d 20141003 14:18:00  |a arojas 
260 |a Salamanca  |b Sigueme  |c 2004 
500 |a v.1: La vida privada 
500 |a v.2: La vida pública 
500 |a v.3: Religión y ejercicio 
500 |a v.4: Constitución y desarrollo de la sociedad 
650 7 |a ROMANOS  |2 CL-VaPUC  |9 389417 
650 0 |a Historia  |9 255047 
650 0 |a Vida social y costumbres  |9 258725 
650 0 |a Vida política  |9 337438 
650 0 |a Imperio Romano  |9 322785 
583 |a last modification  |c 20141003 14:18:00  |k Rodrigo Vera 
490 0 |a El Peso de los Días, 5, 6, 9, 27 
999 |c 357087  |d 357085 
952 |0 0  |1 0  |3 erd  |4 0  |6 937_000000000000000_GUI_2004  |7 0  |8 DER_ROM  |9 464900  |a BIBDER  |b BIBDER  |h v.1  |i 5117534  |o 937 GUI 2004  |p 5117534  |r 2023-01-25  |w 2019-11-23  |x Ubicación 4to piso  |y BK  |z Este recurso debe solicitarse con anticipación  |k DER 
952 |0 0  |1 0  |3 erd  |4 0  |6 937_000000000000000_GUI_2004  |7 0  |8 DER_ROM  |9 464901  |a BIBDER  |b BIBDER  |h v.2  |i 5117542  |o 937 GUI 2004  |p 5117542  |r 2023-01-25  |w 2019-11-23  |x Ubicación 4to piso  |y BK  |z Este recurso debe solicitarse con anticipación  |k DER 
952 |0 0  |1 0  |3 erd  |4 0  |6 937_000000000000000_GUI_2004  |7 0  |8 DER_ROM  |9 464902  |a BIBDER  |b BIBDER  |h v.3  |i 5117550  |o 937 GUI 2004  |p 5117550  |r 2023-01-25  |w 2019-11-23  |x Ubicación 4to piso  |y BK  |z Este recurso debe solicitarse con anticipación  |k DER 
952 |0 0  |1 0  |3 erd  |4 0  |6 937_000000000000000_GUI_2004  |7 0  |8 DER_ROM  |9 464903  |a BIBDER  |b BIBDER  |h v.4  |i 5117569  |o 937 GUI 2004  |p 5117569  |r 2023-01-25  |w 2019-11-23  |x Ubicación 4to piso  |y BK  |z Este recurso debe solicitarse con anticipación  |k DER